| 000 | 01135nam a2200289 i 4500 | ||
|---|---|---|---|
| 001 | 11519 | ||
| 003 | ES-MaACL | ||
| 005 | 20251013063040.0 | ||
| 007 | t| | ||
| 008 | 960626s1993 sp ||||1| spa d | ||
| 040 | _cES-MaACL | ||
| 080 | _a929 Rios, Fernando de los | ||
| 100 | 1 |
_aDíaz, Elías _944117 _eaut |
|
| 245 | 1 | 0 |
_aFernando de los Ríos : _bla vigencia del socialismo humanista / _c[Elías Diaz]. |
| 260 |
_aMadrid : _bFundación Españoles en el Mundo, _c1993. |
||
| 300 |
_a32 páginas : _bilustrado blanco y negro ; _c28 cm |
||
| 490 | 1 |
_aCuadernos de la Fundación Españoles en el Mundo ; _v2 |
|
| 600 | 1 | 4 |
_aRíos, Fernando de los, _d1879-1949 _997398 |
| 650 | 7 |
_2embne _917147 _aSocialismo |
|
| 710 | 0 |
_aFundación Españoles en el Mundo _94290 |
|
| 830 | 0 |
_aCuadernos de la Fundación Españoles en el Mundo ; _v2 _9179150 |
|
| 852 |
_aES-MaACL _jL-18935 _bR.125135 _911821 _cDEPO2 _hDonación: Editorial _xEncuadernación rústica |
||
| 942 |
_cFOLLETOS _n0 |
||
| 999 |
_c11519 _d11519 |
||